Movies Quiz

Random Movies or Logic Quiz

Disney Charades Logic Puzzle #1 Quiz Stats

 Plays Quiz not verified by Sporcle

Challenge
Share
Tweet
Score 0/36 Timer 15:00
0 Plays Today
Pocahontas % Correct



Pocahontas


???
100%



Piglet


???
47.3%


Winnie the Pooh


???
46.9%



Bambi


???
33.8%



Elsa


???
32.6%



Anna


???
31.2%



Simba


???
30%



Jasmine


???
27.3%



Beast


???
26.3%



Tinkerbell


???
26.1%


Snow
White


???
20.5%


Robin
Hood


???
19.9%



Aurora


???
19.8%



Sebastian


???
19.4%



Pinocchio


???
17.4%



Aladdin


???
16.6%



Maleficent


???
16.5%



Prince Eric


???
16.4%
Pocahontas % Correct



Ariel


???
13.3%



Belle


???
9.9%



Gaston


???
9.8%


Prince Charming


???
9.5%


Prince Phillip


???
9.4%


Cruella de Vil


???
9.4%



Mulan


???
9.2%



Rapunzel


???
8.9%



Cinderella


???
8.4%



Dumbo


???
8.3%


Cheshire Cat


???
6.4%



Ursula


???
5.8%



Scar


???
5.2%


Captain Hook


???
5%



Mowgli


???
4.8%



Jafar


???
3.8%



Tarzan


???
3.8%



Tigger


???
3.1%

You're not logged in!

Compare scores with friends on all Sporcle quizzes.
Join for Free
OR
Log In

You Might Also Like...

Show Comments

Extras

Top Quizzes Today


Score Distribution

Your Account Isn't Verified!

In order to create a playlist on Sporcle, you need to verify the email address you used during registration. Go to your Sporcle Settings to finish the process.

Report this User

Report this user for behavior that violates our Community Guidelines.

Details: